| 000 | 00901nam a2200277 a 4500 | ||
|---|---|---|---|
| 001 | 62521 | ||
| 003 | BD-RjUL | ||
| 005 | 20211209081108.0 | ||
| 008 | 170124s1974 cau b 001 0 eng d | ||
| 020 | _a0520026012 | ||
| 035 | _a(BD-RjUL)62647 | ||
| 040 |
_aDLC _cDLC _dDLC _beng |
||
| 041 | 0 | _aengwel | |
| 082 | 0 | 0 |
_a891.6611 _bLLP 1974 |
| 100 | 0 |
_aLlywarch Hen, _d496?-646? _9185867 |
|
| 245 | 0 | 4 |
_aThe poetry of Llywarch Hen / _cintrod. text, and translation, Patrick K. Ford. |
| 260 |
_aBerkeley : _bUniversity of California Press, _cc1974. |
||
| 300 |
_axvii, 145 p. ; _c23 cm. |
||
| 500 | _aText of poems in English and Welsh. | ||
| 504 | _aIncludes bibliographical references and index. | ||
| 600 | 0 | 0 |
_aLlywarch Hen, _d496?-646? _xTranslations into English. _9186599 |
| 650 |
_aWelsh poetry _9186600 |
||
| 700 | 1 |
_aFord, Patrick K. _9185869 |
|
| 942 |
_2ddc _cBK |
||
| 999 |
_c62521 _d62521 |
||